| 000 | 01087cam a22002897a 4500 | ||
|---|---|---|---|
| 003 | CHAP | ||
| 005 | 20220329135803.0 | ||
| 008 | 971013s1941 r 00010 d | ||
| 010 | _a42132 | ||
| 011 | _a43104 | ||
| 035 | _a47240 | ||
| 040 | _cCHAP | ||
| 082 |
_a728.083 _bM49c 1939 |
||
| 110 |
_aMéxico. Dirección General de Estadística _976986 |
||
| 245 | 0 | _aCenso de edificios (2o.), 1939 | |
| 260 |
_aMéxico, D.F. : _bLa Dirección, _c1941 |
||
| 300 | _av | ||
| 500 | _aLa biblioteca tiene: Aguascalientes, Baja california Norte, Baja California Sur, Campeche, Coahuila, Colima, Chiapas, Chihuahua, Distrito Federal, Durango, Guanajuato, Guerrero, Hidalgo, Jalisco, México, Michoacán | ||
| 590 |
_aBATCH-UPD _b10 _c20130110 _lUCH01 _h2121 |
||
| 590 |
_aBATCH-UPD _b10 _c20130410 _lUCH01 _h1431 |
||
| 590 |
_aBATCH-UPD _b10 _c20130914 _lUCH01 _h1235 |
||
| 590 |
_aCONVERSION _b10 _c20130109 _lUCH01 _h1323 |
||
| 650 | 1 | 4 |
_aEdificios _xEstadísticas _zMéxico. _935370 |
| 901 | _aBK | ||
| 942 | _cLIBRO | ||
| 949 |
_a728.083 M49c 1939 _bBC _cBPA _d-107390 _eBPA _fMich. _h26097 _i47240 _si |
||
| 999 |
_c42132 _d42132 |
||